Bharatiya sarkar aru rajniti/ (Record no. 11741)

MARC details
000 -LEADER
fixed length control field 00591nam a22002057a 4500
005 - DATE AND TIME OF LATEST TRANSACTION
control field 20240220132013.0
008 - FIXED-LENGTH DATA ELEMENTS--GENERAL INFORMATION
fixed length control field 240220b ||||| |||| 00| 0 eng d
020 ## - INTERNATIONAL STANDARD BOOK NUMBER
International Standard Book Number 9789360781545
040 ## - CATALOGING SOURCE
Original cataloging agency IN-DiNC
Transcribing agency IN-DiNC
041 ## - LANGUAGE CODE
Language code of sung or spoken text Assamese
082 ## - DEWEY DECIMAL CLASSIFICATION NUMBER
Classification number 320.954
Item number DUT
100 ## - MAIN ENTRY--PERSONAL NAME
Personal name Dutta, Mahan Ranjan
Relator term Author
245 ## - TITLE STATEMENT
Title Bharatiya sarkar aru rajniti/
Statement of responsibility, etc. by Mahan Ranjan Dutta and Ratul Mazumder
250 ## - EDITION STATEMENT
Edition statement 1st imp
260 ## - PUBLICATION, DISTRIBUTION, ETC.
Place of publication, distribution, etc. Guwahati:
Name of publisher, distributor, etc. Ashok publication,
Date of publication, distribution, etc. 2024.
300 ## - PHYSICAL DESCRIPTION
Extent 176p.
650 ## - SUBJECT ADDED ENTRY--TOPICAL TERM
Topical term or geographic name entry element Indian government and politics
700 ## - ADDED ENTRY--PERSONAL NAME
Personal name Mazumder, Ratul
Relator term Author
942 ## - ADDED ENTRY ELEMENTS (KOHA)
Source of classification or shelving scheme Dewey Decimal Classification
Koha item type Books
Holdings
Withdrawn status Lost status Source of classification or shelving scheme Damaged status Not for loan Collection code Home library Current library Shelving location Date acquired Cost, normal purchase price Total Checkouts Full call number Barcode Date last seen Date last checked out Copy number Price effective from Koha item type
    Dewey Decimal Classification     Political Science Naharkatiya College Library Naharkatiya College Library General Stacks 20/02/2024 250.00 11 320.954 DUT 29777 06/04/2026 04/04/2026 1 20/02/2024 Books
    Dewey Decimal Classification     Political Science Naharkatiya College Library Naharkatiya College Library General Stacks 20/02/2024 250.00 10 320.954 DUT 29778 16/01/2026 08/12/2025 2 20/02/2024 Books
    Dewey Decimal Classification     Political Science Naharkatiya College Library Naharkatiya College Library General Stacks 20/02/2024 250.00 12 320.954 DUT 29779 24/03/2026 26/02/2026 3 20/02/2024 Books

Naharkatiya College © 2020. All rights reserved.

Powered By